Statistics for Asian Countries by First Two Letters - 30 Second Sprint

Click here to take the quiz!

General Stats

  • This quiz has been taken 351 times
  • The average score is 33 of 48

Answers on the Map

Answers color-coded by a green-red scale on the quiz's map according to % correct below.
 

Answer Stats

country% Correct
India
97%
Indonesia
97%
China
95%
Turkey
93%
Turkmenistan
93%
Saudi Arabia
91%
Iran
88%
Iraq
88%
Kazakhstan
88%
Taiwan
81%
Tajikistan
81%
Oman
80%
Mongolia
79%
Yemen
79%
Japan
78%
Pakistan
78%
Afghanistan
76%
South Korea
74%
North Korea
73%
Syria
72%
Bahrain
71%
Bangladesh
71%
Uzbekistan
71%
Kyrgyzstan
70%
Thailand
69%
Malaysia
67%
Maldives
67%
United Arab
Emirates
65%
Vietnam
65%
Azerbaijan
64%
Israel
64%
Nepal
63%
Armenia
61%
Bhutan
61%
Laos
61%
Myanmar
61%
Jordan
59%
Philippines
58%
Cambodia
55%
Qatar
53%
Georgia
52%
Cyprus
51%
Sri Lanka
50%
Kuwait
48%
Lebanon
46%
Brunei
34%
Singapore
34%
Timor-Leste
31%

Score Distribution

Percentile by Number Answered

Percent of People with Each Score

Your Score History

You have not taken this quiz